Statistics for Warzone Operators

Click here to take the quiz!

General Stats

  • This quiz has been taken 40 times
  • The average score is 4 of 5

Answer Stats

hintsAnswer% Correct
captian and wears a bucket hat season 4Price
100%
Girl from the campaign from UrzikstanFarah
78%
Russian and wears a white and black shirtNikolai
70%
Goes as gazKyle
65%
Russian in the chimeria groupyegor
43%

Score Distribution

Percentile by Number Answered

Percent of People with Each Score

Your Score History

You have not taken this quiz